| 000 | 00898nam a22002658i 4500 | ||
|---|---|---|---|
| 001 | 021446836 | ||
| 003 | OSt | ||
| 005 | 20260319113432.0 | ||
| 008 | 231205s2024 enk 000|0|eng|d | ||
| 020 |
_a9781785044786 (Paperback) _cUSD 24.00 |
||
| 040 |
_aStDuBDS _beng _cStDuBDS _erda _dNUST |
||
| 050 | _aRG525 DAV | ||
| 100 | 1 |
_aDavies, Pip _eAuthor |
|
| 245 | 1 | 0 |
_aMidwife Pip's guide to a positive birth : _btools to feel calm and confident / _cPip Davies. |
| 260 |
_aLondon : _bPenguin Books, _c©2024. |
||
| 300 |
_a326 pages : _bIllustrations ; _c22 cm. |
||
| 336 |
_atext _2rdacontent _btxt |
||
| 337 |
_aunmediated _2rdamedia _bn |
||
| 338 |
_avolume _2rdacarrier _bnc |
||
| 504 | _aIncludes index. | ||
| 650 | 0 |
_aChildbirth _vPopular works. |
|
| 650 | 0 |
_aMidwifery _vPopular works. |
|
| 650 | 0 |
_aPregnant women _vMental health. |
|
| 942 |
_2lcc _cBOOKS _hRG525 DAV _kRG _mDAV _n0 |
||
| 999 |
_c172728 _d172728 |
||